[Event "Sharjah Masters-A 8th"]
[Site "Sharjah"]
[Date "2025.05.20"]
[Round "4"]
[White "Aronyak, Ghosh"]
[Black "Sethuraman, SP."]
[Result "1/2-1/2"]
[WhiteElo "2514"]
[BlackElo "2552"]
[PlyCount "99"]
[EventDate "2025.05.17"]
[EventType "swiss"]
[EventRounds "9"]
[EventCountry "UAE"]
[SourceTitle "CB22_2025"]
[SourceDate "2025.05.28"]
[SourceVersion "1"]
[SourceVersionDate "2025.05.28"]
[SourceQuality "1"]

1. d4 Nf6 2. c4 g6 3. g3 Bg7 4. Bg2 0-0 5. Nc3 d6 6. Nf3 Nbd7 7. 0-0 e5 8. e4 exd4 9. Nxd4 Re8 10. Be3 c6 11. Qd2 Ne5 12. b3 Neg4 13. Bf4 Nh5 14. Bg5 Qb6 15. Rad1 h6 16. Be3 Nxe3 17. Qxe3 Nf6 18. h3 Nd7 19. Rfe1 Nc5 20. Nde2 Qb4 21. Qd2 Be6 22. Nb1 a5 23. Nf4 Qxd2 24. Rxd2 Bf5 25. f3 Bf8 26. Red1 Bc8 27. h4 a4 28. b4 Nd7 29. a3 Ne5 30. Rc2 f5 31. Nd2 Kf7 32. Ne2 Bg7 33. Kh2 Bf6 34. Rf1 Kg7 35. Nf4 Bd7 36. Bh3 Kf7 37. exf5 gxf5 38. Rd1 Ng6 39. Ne4 fxe4 40. Bxd7 Re7 41. Nxg6 Kxg6 42. Rxd6 exf3 43. Bg4 Re3 44. Rf2 Rxa3 45. Bxf3 Rf8 46. Rd7 Re3 47. Bd1 Re7 48. Bc2+ Kg7 49. Rxe7+ Bxe7 50. Rxf8 1/2-1/2

[Event "Asia-ch Blitz"]
[Site "Al Ain"]
[Date "2025.05.10"]
[Round "8"]
[White "Sethuraman, SP."]
[Black "Jumabayev, Rinat"]
[Result "0-1"]
[WhiteElo "2552"]
[BlackElo "2551"]
[PlyCount "122"]
[EventDate "2025.05.10"]
[EventType "swiss (blitz)"]
[EventRounds "9"]
[EventCountry "UAE"]
[SourceTitle "CB20_2025"]
[SourceDate "2025.05.14"]
[SourceVersion "1"]
[SourceVersionDate "2025.05.14"]
[SourceQuality "1"]

1. e4 e5 2. Nf3 Nc6 3. Bc4 Nf6 4. d3 a6 5. c3 Bc5 6. Bg5 d6 7. a4 h6 8. Bh4 0-0 9. Nbd2 Ba7 10. 0-0 g5 11. Bg3 Kg7 12. Re1 Nh7 13. d4 f6 14. Nf1 h5 15. h3 Ne7 16. Ne3 Qe8 17. dxe5 fxe5 18. Nxe5 dxe5 19. Bxe5+ Kh6 20. Bxc7 Qc6 21. Bd6 Bxe3 22. Rxe3 Qxc4 23. Bxe7 Rf7 24. Qd6+ Qe6 25. Qxe6+ Bxe6 26. Bc5 g4 27. h4 Nf6 28. Rd1 Rd7 29. Rxd7 Nxd7 30. Bd6 Re8 31. f3 Kg6 32. Kf2 Bb3 33. a5 gxf3 34. gxf3 Ne5 35. Kg3 Nc4 36. Rd3 Rd8 37. e5 Nxd6 38. exd6 Kf5 39. Rd4 Be6 40. c4 Ke5 41. Rd2 Bxc4 42. f4+ Ke4 43. d7 Be6 44. Rd6 Bf5 45. Rh6 Rxd7 46. Rxh5 Rd3+ 47. Kf2 Kxf4 48. Ke1 Bg4 49. Rc5 Ke3 50. Re5+ Kf4 51. Rc5 Rd1+ 52. Kf2 Rd2+ 53. Ke1 Re2+ 54. Kf1 Rxb2 55. h5 Kg3 56. Ke1 Re2+ 57. Kf1 Rd2 58. Rc3+ Bf3 59. Rc1 Bxh5 60. Rc3+ Bf3 61. Rc1 Ra2 0-1

[Event "Asia-ch"]
[Site "Al Ain"]
[Date "2025.05.08"]
[Round "2"]
[White "Harshavardhan, GB."]
[Black "Sethuraman, SP."]
[Result "1/2-1/2"]
[WhiteElo "2441"]
[BlackElo "2552"]
[PlyCount "158"]
[EventDate "2025.05.07"]
[EventType "swiss"]
[EventRounds "9"]
[EventCountry "UAE"]
[SourceTitle "CB21_2025"]
[SourceDate "2025.05.21"]
[SourceVersion "1"]
[SourceVersionDate "2025.05.21"]
[SourceQuality "1"]

1. e4 c5 2. Nf3 d6 3. d4 cxd4 4. Nxd4 Nf6 5. Nc3 a6 6. Be2 e6 7. Be3 Qc7 8. a4 b6 9. f4 Bb7 10. Bf3 Nbd7 11. f5 e5 12. Nb3 h5 13. 0-0 Be7 14. Bg5 Rc8 15. Qd3 h4 16. Rad1 Qc4 17. Rfe1 Qxd3 18. cxd3 Nd5 19. Bxe7 Nxc3 20. bxc3 Kxe7 21. c4 Bc6 22. Ra1 a5 23. Reb1 Kd8 24. Kf2 Kc7 25. Rb2 Rb8 26. Bd1 Nc5 27. Nxc5 bxc5 28. Rab1 Rb4 29. Rxb4 axb4 30. Ke3 g6 31. fxg6 fxg6 32. Ke2 Bd7 33. Ke1 Kb6 34. Rb2 Rf8 35. Ra2 Ka5 36. Rb2 g5 37. h3 Rf4 38. Bb3 g4 39. hxg4 Rxg4 40. Kf2 Rf4+ 41. Ke1 Rf8 42. Bd1 Rf6 43. Ra2 Rg6 44. Rf2 Rg3 45. Kd2 Bxa4 46. Be2 Bd7 47. Rf7 Bg4 48. Bf1 h3 49. gxh3 Bxh3 50. Bxh3 Rxh3 51. Kc2 Kb6 52. Rg7 Kc6 53. Rf7 Rh8 54. Rg7 Rd8 55. Kb3 Rd7 56. Rg8 Rf7 57. Rg3 Kd7 58. Rh3 Ke6 59. Rg3 Kf6 60. Ka4 Ra7+ 61. Kb5 b3 62. Rg1 Ke6 63. Rb1 b2 64. Kc6 Ra2 65. Kc7 Ke7 66. Kc6 Ra6+ 67. Kc7 Ra3 68. Rxb2 Rxd3 69. Kc6 Rd4 70. Rb7+ Kf6 71. Rd7 Ke6 72. Rd8 Rxc4 73. Rxd6+ Ke7 74. Rd7+ Kf6 75. Rd6+ Ke7 76. Rd7+ Kf8 77. Rd8+ Kg7 78. Rd7+ Kf6 79. Rd6+ Ke7 1/2-1/2

[Event "Kuwait Rapid op 3rd"]
[Site "Kuwait City"]
[Date "2025.05.03"]
[Round "9"]
[White "Sethuraman, SP."]
[Black "Viani, Antonio Dcunha"]
[Result "1-0"]
[WhiteElo "2552"]
[BlackElo "2364"]
[PlyCount "117"]
[EventDate "2025.05.02"]
[EventType "swiss (rapid)"]
[EventRounds "9"]
[EventCountry "KUW"]
[SourceTitle "CB19_2025"]
[SourceDate "2025.05.07"]
[SourceVersion "1"]
[SourceVersionDate "2025.05.07"]
[SourceQuality "1"]

1. e4 e5 2. Nf3 Nc6 3. Bc4 Nf6 4. d3 Bc5 5. c3 d6 6. Bg5 h6 7. Bh4 Bb6 8. a4 a6 9. Nbd2 Qe7 10. 0-0 Be6 11. Re1 g5 12. Bg3 0-0 13. b4 Rad8 14. b5 Na5 15. Bxe6 fxe6 16. d4 Nh5 17. Nxe5 dxe5 18. Qxh5 exd4 19. Qg6+ Qg7 20. Qxe6+ Qf7 21. Qxh6 dxc3 22. Nf3 Qg7 23. Qe6+ Qf7 24. Qg4 Nb3 25. Qxg5+ Qg7 26. Qxg7+ Kxg7 27. Be5+ Kg8 28. Bxc3 Nxa1 29. Rxa1 Rd3 30. Be1 axb5 31. axb5 Rb3 32. h4 Rxb5 33. Rd1 Rb2 34. h5 Kh7 35. Rd7+ Kh6 36. Bc3 Rxf2 37. Kh1 Kxh5 38. Rg7 Kh6 39. Rg3 Kh5 40. Rg5+ Kh6 41. Bg7+ Kh7 42. Bxf8 Be3 43. Rg7+ Kh8 44. Rf7 Kg8 45. Rf5 b5 46. Kh2 c6 47. Bc5 Bxc5 48. Rxc5 b4 49. Rxc6 Kf7 50. Rb6 Rb2 51. e5 Ke7 52. Nd4 Rb1 53. Rb7+ Ke8 54. e6 Re1 55. Rxb4 Re4 56. Kg3 Kf8 57. Kf3 Rh4 58. e7+ Ke8 59. Rb8+ 1-0

[Event "Menorca op-A 4th"]
[Site "Ciutadella"]
[Date "2025.04.25"]
[Round "6"]
[White "Ladron de Guevara Pinto, Paolo"]
[Black "Sethuraman, SP."]
[Result "0-1"]
[WhiteElo "2411"]
[BlackElo "2548"]
[PlyCount "74"]
[EventDate "2025.04.22"]
[EventType "swiss"]
[EventRounds "9"]
[EventCountry "ESP"]
[SourceTitle "CB18_2025"]
[SourceDate "2025.04.30"]
[SourceVersion "1"]
[SourceVersionDate "2025.04.30"]
[SourceQuality "1"]

1. d4 Nf6 2. c4 e6 3. Nf3 d5 4. Nc3 Bb4 5. Qa4+ Nc6 6. Bg5 h6 7. Bxf6 Qxf6 8. cxd5 exd5 9. e3 0-0 10. a3 Bxc3+ 11. bxc3 Bd7 12. Bd3 Rfd8 13. 0-0 b6 14. Qc2 Bg4 15. Nd2 Na5 16. f3 Bd7 17. e4 c5 18. dxc5 d4 19. f4 dxc3 20. e5 Qc6 21. Qxc3 Qxc5+ 22. Qxc5 bxc5 23. Be4 Rac8 24. Rac1 Bb5 25. Rf2 c4 26. Bf5 Rb8 27. Ne4 Nb3 28. Re1 Nd4 29. Bg4 Bc6 30. Nd6 c3 31. Rc1 Rb3 32. Nf5 Nxf5 33. Bxf5 Rd2 34. Rc2 g6 35. Rfxd2 cxd2 36. Bg4 Rb1+ 37. Kf2 Bd7 0-1

[Event "San Vicente op 9th"]
[Site "San Vicente"]
[Date "2025.04.17"]
[Round "2"]
[White "Otero Marino, Alain"]
[Black "Sethuraman, SP."]
[Result "1/2-1/2"]
[WhiteElo "2275"]
[BlackElo "2548"]
[PlyCount "142"]
[EventDate "2025.04.16"]
[EventType "swiss"]
[EventRounds "9"]
[EventCountry "ESP"]
[SourceTitle "CB17_2025"]
[SourceDate "2025.04.23"]
[SourceVersion "1"]
[SourceVersionDate "2025.04.23"]
[SourceQuality "1"]

1. e4 c5 2. Nf3 Nc6 3. Bb5 g6 4. 0-0 Bg7 5. c3 Nf6 6. Re1 Qb6 7. a4 0-0 8. h3 Rd8 9. Na3 d6 10. d3 Bd7 11. Bc4 Be8 12. Ba2 Ne5 13. Nxe5 dxe5 14. Nc4 Qc7 15. Qc2 Nh5 16. Be3 Nf4 17. Bxf4 exf4 18. Nd2 b6 19. Nf3 e6 20. Bb3 a6 21. Qe2 Bc6 22. e5 Rd7 23. d4 Qb7 24. dxc5 bxc5 25. Bc4 h6 26. b3 Rad8 27. Rab1 a5 28. Rb2 Rb8 29. Rbb1 Rbd8 30. Rb2 Qb8 31. Ra2 Rb7 32. Rd2 Rxd2 33. Nxd2 Qc7 34. Bb5 Bd5 35. c4 Bc6 36. Nf3 Rb8 37. h4 Ba8 38. h5 g5 39. Nh2 Rd8 40. Ng4 Rd4 41. f3 Qd8 42. Qf2 Bb7 43. Kh2 Kh8 44. Kg1 Bf8 45. Kh2 Kg7 46. Kg1 Be7 47. Kh2 Rd3 48. Qf1 Qd4 49. Nf2 Rd2 50. Re2 Qb2 51. Rxd2 Qxd2 52. Ng4 Qc2 53. Qf2 Qd3 54. Qe1 Bd8 55. Qf2 Be7 56. Qe1 Qc2 57. Qf2 Qd1 58. Qb2 Qe1 59. Qf2 Qd1 60. Qb2 Qd3 61. Qf2 Bc8 62. Qb2 Kh7 63. Bc6 Kg7 64. Be4 Qd1 65. Qc3 Qd8 66. Qe1 Bd7 67. Qe2 Be8 68. Bb1 Bc6 69. Qc2 Qh8 70. Qc3 Qd8 71. Qc2 Qh8 1/2-1/2

[Event "Bandung GM"]
[Site "Bandung"]
[Date "2025.02.19"]
[Round "5"]
[White "Setyaki, Azarya Jodi"]
[Black "Sethuraman, SP."]
[Result "0-1"]
[WhiteElo "2411"]
[BlackElo "2557"]
[PlyCount "58"]
[EventDate "2025.02.16"]
[EventType "tourn"]
[EventRounds "11"]
[EventCountry "INA"]
[EventCategory "9"]
[SourceTitle "CB10_2025"]
[SourceDate "2025.03.05"]
[SourceVersion "1"]
[SourceVersionDate "2025.03.05"]
[SourceQuality "1"]

1. e4 d6 2. d4 Nf6 3. Nc3 e5 4. dxe5 dxe5 5. Qxd8+ Kxd8 6. Bc4 Ke8 7. f4 Bb4 8. Bd2 Be6 9. Bxe6 fxe6 10. fxe5 Bxc3 11. exf6 Bxd2+ 12. Kxd2 gxf6 13. Nf3 Nc6 14. c3 a5 15. a4 Ke7 16. Rad1 Nb8 17. Rhe1 Nd7 18. Kc2 Nc5 19. b3 Rad8 20. Rxd8 Rxd8 21. Re3 Rg8 22. g3 e5 23. Nd2 h5 24. Nc4 b6 25. h3 Ne6 26. Nb2 Ng5 27. h4 Nf7 28. Nd3 Nd6 29. Kd2 Rxg3 0-1

[Event "Bandung GM"]
[Site "Bandung"]
[Date "2025.02.16"]
[Round "1"]
[White "Sethuraman, SP."]
[Black "Ganerdene, Sugar"]
[Result "1/2-1/2"]
[WhiteElo "2557"]
[BlackElo "2439"]
[PlyCount "54"]
[EventDate "2025.02.16"]
[EventType "tourn"]
[EventRounds "11"]
[EventCountry "INA"]
[EventCategory "9"]
[SourceTitle "CB10_2025"]
[SourceDate "2025.03.05"]
[SourceVersion "1"]
[SourceVersionDate "2025.03.05"]
[SourceQuality "1"]

1. e4 e5 2. Nf3 Nf6 3. d4 Nxe4 4. Bd3 d5 5. dxe5 Be7 6. 0-0 Nc5 7. Be2 Ne6 8. Re1 0-0 9. Nbd2 b6 10. Nf1 Bb7 11. c3 Re8 12. Ne3 Bf8 13. Bd3 Nd7 14. Qc2 g6 15. Ng4 Bg7 16. Bh6 Bxh6 17. Nxh6+ Kg7 18. Qc1 f5 19. Nd4 Nxd4 20. cxd4 Nf8 21. g4 f4 22. Nf5+ Kh8 23. Nh6 Kg7 24. Nf5+ Kh8 25. Nh6 Kg7 26. Nf5+ Kh8 27. Nh6 Kg7 1/2-1/2

[Event "Titled Tuesday intern op 04th Feb Early"]
[Site "Chess.com INT"]
[Date "2025.02.04"]
[Round "5"]
[White "Banusz, Tamas"]
[Black "Sethuraman, SP."]
[Result "1/2-1/2"]
[WhiteElo "2582"]
[BlackElo "2557"]
[PlyCount "139"]
[EventDate "2025.02.04"]
[EventType "swiss (blitz)"]
[EventRounds "11"]
[EventCountry "USA"]
[SourceTitle "CB07_2025"]
[SourceDate "2025.02.12"]
[SourceVersion "1"]
[SourceVersionDate "2025.02.12"]
[SourceQuality "1"]

1. d4 d5 2. Nf3 Nf6 3. g3 Bf5 4. Bg2 e6 5. c4 c6 6. Nc3 h6 7. Qb3 Qb6 8. c5 Qa6 9. Bf1 b5 10. a4 Ne4 11. Bg2 Nd7 12. 0-0 b4 13. Qxb4 Rb8 14. Qa3 Nxc3 15. Qxc3 Qxe2 16. b4 Be7 17. Bf4 Rc8 18. Rfc1 Be4 19. Nd2 Bxg2 20. Kxg2 0-0 21. b5 cxb5 22. Re1 b4 23. Qxb4 Qa6 24. Qb5 Qc6 25. Rab1 g5 26. Qxc6 Rxc6 27. Rb7 Rd8 28. Bc7 Re8 29. Nb3 Ra6 30. Rc1 Rxa4 31. c6 Nb6 32. Bxb6 axb6 33. c7 Raa8 34. Rxb6 Rec8 35. Rb7 Kf8 36. Nd2 Bd6 37. Nf3 f6 38. h4 Ke7 39. hxg5 hxg5 40. Ne1 Kd7 41. Nd3 Rxc7 42. Rcxc7+ Bxc7 43. Nc5+ Kc6 44. Rb1 e5 45. Rc1 Kd6 46. Nb7+ Kd7 47. Nc5+ Ke7 48. Nd3 Bd6 49. Rh1 e4 50. Ne1 Ra2 51. g4 e3 52. Rf1 Rxf2+ 53. Rxf2 exf2 54. Kxf2 Ke6 55. Kf3 Ba3 56. Ng2 Bb2 57. Ke3 f5 58. gxf5+ Kxf5 59. Ne1 g4 60. Nd3 Bc3 61. Nf2 g3 62. Nd1 Be1 63. Kf3 Kg5 64. Ne3 Bf2 65. Nxd5 Bxd4 66. Nf4 Be5 67. Ng2 Kf5 68. Ne3+ Ke6 69. Nf1 Kf5 70. Nxg3+ 1/2-1/2

[Event "Titled Tuesday intern op 04th Feb Early"]
[Site "Chess.com INT"]
[Date "2025.02.04"]
[Round "10"]
[White "Hungaski, Robert Andrew"]
[Black "Sethuraman, SP."]
[Result "0-1"]
[WhiteElo "2477"]
[BlackElo "2557"]
[PlyCount "106"]
[EventDate "2025.02.04"]
[EventType "swiss (blitz)"]
[EventRounds "11"]
[EventCountry "USA"]
[SourceTitle "CB07_2025"]
[SourceDate "2025.02.12"]
[SourceVersion "1"]
[SourceVersionDate "2025.02.12"]
[SourceQuality "1"]

1. h3 d5 2. e3 c5 3. Nf3 a6 4. d4 Nc6 5. dxc5 e5 6. b4 e4 7. Nd4 Nxb4 8. Nb3 Nc6 9. Nc3 Be6 10. Na4 Qg5 11. Bb2 Nf6 12. Nd4 Be7 13. Nb6 Rd8 14. Nxc6 bxc6 15. Bd4 0-0 16. g3 a5 17. Qd2 Nd7 18. Nxd7 Bxd7 19. Qxa5 Ra8 20. Qc7 Rfd8 21. a4 Bf6 22. c3 Qf5 23. Be2 h5 24. a5 Rdc8 25. Qf4 Bxd4 26. cxd4 Qg6 27. g4 h4 28. g5 Rcb8 29. Qxh4 Rb2 30. Bh5 Qe6 31. Bg4 Qe8 32. 0-0 Bxg4 33. Qxg4 Qb8 34. g6 Ra7 35. a6 fxg6 36. Qxg6 Qc8 37. Qg4 Qc7 38. Ra3 Qf7 39. Qg3 Kh7 40. Raa1 Qf6 41. Kh2 Rc2 42. Kh1 Rb2 43. Kg2 Rc2 44. h4 Rb2 45. h5 Kh8 46. Rh1 Rf7 47. Rh2 Ra7 48. Rh4 Kh7 49. Rf4 Qh6 50. Rg4 Qf6 51. Rg6 Qf5 52. Rxc6 Rf7 53. Qg6+ Kg8 0-1

[Event "Titled Tuesday intern op 04th Feb Early"]
[Site "Chess.com INT"]
[Date "2025.02.04"]
[Round "1"]
[White "Sethuraman, SP."]
[Black "Ahmad, Al Khatib"]
[Result "1/2-1/2"]
[WhiteElo "2557"]
[BlackElo "2279"]
[PlyCount "161"]
[EventDate "2025.02.04"]
[EventType "swiss (blitz)"]
[EventRounds "11"]
[EventCountry "USA"]
[SourceTitle "CB07_2025"]
[SourceDate "2025.02.12"]
[SourceVersion "1"]
[SourceVersionDate "2025.02.12"]
[SourceQuality "1"]

1. Nf3 Nf6 2. g3 d5 3. Bg2 c5 4. 0-0 e6 5. c4 Nc6 6. cxd5 exd5 7. d4 cxd4 8. Nxd4 Bc5 9. Nb3 Bb6 10. Nc3 d4 11. Na4 0-0 12. Bg5 Re8 13. Rc1 h6 14. Bxf6 Qxf6 15. Nxb6 axb6 16. a3 Bg4 17. Re1 Rad8 18. Qd2 Be6 19. Qd3 Ne5 20. Qb5 d3 21. Nd2 dxe2 22. Rxe2 Bg4 23. Re3 Bd7 24. Qe2 Nc6 25. Ne4 Qg6 26. Qe1 Nd4 27. Nc3 Bc6 28. Bxc6 Rxe3 29. fxe3 Nxc6 30. Rd1 Rxd1 31. Qxd1 Qe6 32. e4 Ne5 33. Qd8+ Kh7 34. Qd5 Qf6 35. Qd1 Nf3+ 36. Kg2 Nd4 37. Nd5 Qe5 38. Qd3 Ne6 39. Nc3 Nc5 40. Qe3 Ne6 41. Qxb6 Qg5 42. Qf2 f6 43. Qf5+ Qxf5 44. exf5 Nd4 45. g4 h5 46. h3 hxg4 47. hxg4 g6 48. fxg6+ Kxg6 49. Ne4 f5 50. Nd6 fxg4 51. Nxb7 Kg5 52. a4 Ne6 53. a5 Nc7 54. Nc5 Kf4 55. a6 Ke5 56. a7 Kd5 57. Na6 Na8 58. Kg3 Kc6 59. Nb4+ Kb6 60. Kxg4 Kxa7 61. Kf3 Kb6 62. Nd3 Nc7 63. Ke3 Na6 64. Kd4 Kb5 65. Kc3 Kb6 66. b3 Kb5 67. Kd4 Kb6 68. Kc4 Kc6 69. Nb4+ Nxb4 70. Kxb4 Kb6 71. Ka4 Ka6 72. b4 Kb6 73. b5 Kb7 74. Kb4 Ka7 75. Kc5 Kb7 76. b6 Kb8 77. Kb5 Kb7 78. Ka5 Kb8 79. Ka6 Ka8 80. b7+ Kb8 81. Kb6 1/2-1/2

[Event "Goa op"]
[Site "Taleigao"]
[Date "2025.01.14"]
[Round "5"]
[White "Slizhevsky, Alexander"]
[Black "Sethuraman, SP."]
[Result "1-0"]
[WhiteElo "2340"]
[BlackElo "2560"]
[PlyCount "67"]
[EventDate "2025.01.11"]
[EventType "swiss"]
[EventRounds "10"]
[EventCountry "IND"]
[SourceTitle "CB04_2025"]
[SourceDate "2025.01.22"]
[SourceVersion "1"]
[SourceVersionDate "2025.01.22"]
[SourceQuality "1"]

1. e4 e5 2. Nf3 Nc6 3. Bb5 a6 4. Ba4 Nf6 5. Nc3 Bd6 6. d3 h6 7. a3 0-0 8. g4 Nh7 9. Be3 Na5 10. b4 b5 11. bxa5 bxa4 12. Nxa4 Be7 13. Nc3 c6 14. Bb6 Qe8 15. h3 d6 16. Qd2 Bb7 17. Ne2 Qd7 18. Ng3 Rfe8 19. Nf5 Bf8 20. c4 d5 21. c5 Qe6 22. Qe3 Bc8 23. Rc1 Qf6 24. Ke2 Rb8 25. Rhg1 Rb7 26. Rg3 Qe6 27. Kf1 Nf6 28. Kg2 Nd7 29. Kh2 Nxb6 30. axb6 Rd7 31. g5 hxg5 32. Qxg5 dxe4 33. Nxg7 Qg6 34. Nxe8 1-0